| 000 | 00347nam a22001457a 4500 | ||
|---|---|---|---|
| 003 | OSt | ||
| 005 | 20160727222348.0 | ||
| 008 | 160621b xxu||||| |||| 00| 0 eng d | ||
| 040 | _cCells for Life | ||
| 100 |
_9309 _aTrudinger, R |
||
| 245 | _aCells for Life | ||
| 260 |
_aNew Jersay _bBridge Pub _c1973 |
||
| 300 | _aCells for Life | ||
| 942 |
_2ddc _cBK |
||
| 999 |
_c250 _d250 |
||